| 000 | 01611nam a2200409 a 4500 | ||
|---|---|---|---|
| 001 | 000026599 | ||
| 003 | DO-SdBNP | ||
| 005 | 20171010112901.0 | ||
| 007 | 000026599 | ||
| 008 | 081127s2008 dr a 000 0 spa d | ||
| 020 | _a9993410381 | ||
| 040 |
_aBPMSU _bspa _cBPMSU |
||
| 082 | 0 | 4 |
_a920.72 _bM671C, 2008 |
| 100 | 1 |
_aCassá, Roberto, _d1948- |
|
| 245 | 1 | 0 |
_aMinerva Mirabal : _bla revolucionaria / _cRoberto Cassá ; ilustraciones Juan Pablo Félix |
| 250 | _a2a. ed. | ||
| 260 |
_aSanto Domingo : _bTobogán, _c2008 |
||
| 300 |
_a59 p. : _bil. ; _c21 cm. |
||
| 490 | 0 | _aBiografías dominicanas Tobogan | |
| 504 | _aBbliografía : p. 59 | ||
| 505 | 0 | _aLa heroína -- El trujillo -- El vuelo de la mariposa -- la universidad y el encuentro con Manolo -- Formación del movimiento 14 de junio -- La reunión de Guayacanes -- Los meses finales -- Las mariposas segadas | |
| 600 | 1 | 4 |
_aMIRABAL, MINERVA _d1926-1960 |
| 651 | 4 |
_aREPÚBLICA DOMINICANA _xHISTORIA _yERA DE TRUJILLO, 1930-1961 |
|
| 651 | 4 |
_aREPÚBLICA DOMINICANA _vBIOGRAFÍAS |
|
| 700 | 1 | _aCocco, Katherine | |
| 700 | 1 |
_aFélix, Juan Pablo _eil. |
|
| 830 | 0 | _aBiografías dominicanas Tobogan | |
| 910 | _aValidado. Control de calidad MFF | ||
| 930 | 1 |
_lBND01 _mLF1 _820110323 _f04 _pCT _g17976 _he. 3 |
|
| 930 | 1 |
_lBND01 _mLF1 _820110323 _f01 _pCT _g17975 _he. 2 |
|
| 930 | 1 |
_lBND01 _mLF1 _820110323 _f01 _pCT _g17975 |
|
| 942 |
_2ddc _cCF |
||
| 945 | _aTitulo remanejado para la BNPHU | ||
| 956 |
_aYPOLANCO _b10 _c20110323 _lBND01 _h1525 |
||
| 956 |
_aVMATEO _b10 _c20110324 _lBND01 _h1214 |
||
| 956 |
_aVMATEO _b10 _c20150907 _lBPMSU _h00151 |
||
| 999 |
_c7461 _d7461 |
||